000 00463nam a2200145Ia 4500
008 100122s9999 xx 000 0 und d
082 _b48248
_a920.054
100 _aसुर्यकांत
245 _aकोल्हापूरी साज
260 _bपुरंदरे प्रकाशन
_c1993
300 _a208
630 _aकोल्हापूरी साज
730 _aकोल्हापूरी साज
942 _cBOOK
999 _c426931
_d426928